| 000 | 00699nam a22002057a 4500 | ||
|---|---|---|---|
| 999 |
_c191374 _d191374 |
||
| 005 | 20220825114226.0 | ||
| 010 | _aENG-134676 | ||
| 020 |
_a9789384726584 _c1295.00 |
||
| 035 | _aEN-118208 | ||
| 037 | _bDBAD/PUB | ||
| 082 | _a530.1 | ||
| 100 | _aSivaram, C. | ||
| 245 |
_a100 Years of Einstein's Theory of Relativity: _bAn Introduction to Gravity and Cosmology/ _cC. Sivaram, Kenath Arun and Kiren O.V. |
||
| 260 |
_aNew Delhi _bAne Books Pvt Ltd _c2018 |
||
| 270 |
_a4821, Parwana Bhawan, 24 Ansari Road, Daryaganj _bNew Delhi _e110002 _mkapoor@anebooks.com |
||
| 300 |
_a225p. _c24cm(hb) |
||
| 700 | _aArun, Kenath | ||
| 700 | _aO.V., Kiren | ||
| 942 |
_2ddc _cEN _h530.1 _mSIV |
||